[Event "17. Europa ch Juvenil - Masculino s16"]
[Site "Sibenik CRO"]
[Date "2007.09.23"]
[Round "9.11"]
[White "Sieciechowicz, Marcin"]
[Black "Goganov, Aleksey"]
[Result "1/2-1/2"]
[WhiteElo "2214"]
[BlackElo "2309"]
[PlyCount "67"]
[EventDate "2007.09.14"]
[EventType "swiss"]
[EventRounds "9"]
[EventCountry "CRO"]
[Source "lmi"]
[SourceDate "2007.09.14"]

1. d4 d5 2. c4 e6 3. Nc3 Be7 4. cxd5 exd5 5. Bf4 c6 6. e3 Bf5 7. g4 Be6 8. h4
Nd7 9. h5 Nh6 10. Bxh6 gxh6 11. Bd3 O-O 12. f4 Nf6 13. f5 Bd7 14. Qf3 c5 15.
Nge2 c4 16. Bc2 Bc6 17. Nf4 b5 18. Ng6 hxg6 19. hxg6 Kg7 20. Qf4 Ng8 21. e4 Bg5
22. Qe5+ Bf6 23. Qg3 dxe4 24. d5 b4 25. Ne2 Qxd5 26. Nf4 Qe5 27. g5 Qxf5 28.
gxh6+ Nxh6 29. Nh5+ Kg8 30. Nxf6+ Qxf6 31. Rxh6 Kg7 32. Rh7+ Kg8 33. Rh6 Kg7
34. Rh7+ 1/2-1/2

[Event "17. Europa ch Juvenil - Masculino s16"]
[Site "Sibenik CRO"]
[Date "2007.09.23"]
[Round "9.12"]
[White "Kosov, Ivan"]
[Black "Poleshchuk, Dmitriy"]
[Result "1-0"]
[WhiteElo "2379"]
[BlackElo "2073"]
[PlyCount "109"]
[EventDate "2007.09.14"]
[EventType "swiss"]
[EventRounds "9"]
[EventCountry "CRO"]
[Source "lmi"]
[SourceDate "2007.09.14"]

1. e4 c5 2. Nf3 d6 3. d4 cxd4 4. Nxd4 Nf6 5. Nc3 Nc6 6. f3 e5 7. Nb3 Be7 8. Be3
O-O 9. Qd2 a5 10. Bb5 Be6 11. Rd1 Na7 12. Be2 Nc8 13. Qc1 Nb6 14. Nc5 Qc7 15.
Nb5 Qc6 16. Nxe6 fxe6 17. c4 d5 18. cxd5 Bb4+ 19. Kf1 exd5 20. Qxc6 bxc6 21.
Bxb6 cxb5 22. exd5 Bd6 23. g3 Rab8 24. Bf2 Ng4 25. Bg1 Rbc8 26. a3 Rc2 27. Ke1
Nf6 28. Rd2 Rc1+ 29. Bd1 b4 30. a4 Nd7 31. Ke2 Nc5 32. Rc2 Rxc2+ 33. Bxc2 b3
34. Bxc5 Bxc5 35. Bxb3 Rb8 36. Rc1 Bd4 37. d6+ Kf8 38. d7 Rd8 39. Be6 Bxb2 40.
Rc5 Ke7 41. Bh3 Bd4 42. Rxa5 Rb8 43. Rb5 Rxb5 44. axb5 Bb6 45. Kd3 Kd6 46. Ke4
Bd8 47. Bf5 h6 48. h4 Bb6 49. h5 Bc7 50. Bh3 Bd8 51. Kf5 Bf6 52. Kg6 Kc7 53.
Kf7 e4 54. fxe4 Be5 55. Ke8 1-0

[Event "17. Europa ch Juvenil - Masculino s16"]
[Site "Sibenik CRO"]
[Date "2007.09.23"]
[Round "9.13"]
[White "Alonso Rosell, Alvar"]
[Black "Georgescu, Tiberiu"]
[Result "1/2-1/2"]
[WhiteElo "2285"]
[BlackElo "2385"]
[PlyCount "49"]
[EventDate "2007.09.14"]
[EventType "swiss"]
[EventRounds "9"]
[EventCountry "CRO"]
[Source "lmi"]
[SourceDate "2007.09.14"]

1. d4 Nf6 2. c4 c5 3. d5 b5 4. Qc2 bxc4 5. e4 d6 6. Bxc4 g6 7. Nf3 Bg7 8. O-O
O-O 9. Nc3 Nfd7 10. h3 Nb6 11. Be2 Na6 12. Bf4 f5 13. e5 Nc7 14. exd6 exd6 15.
Nb5 Nxb5 16. Bxb5 Rb8 17. Bc6 h6 18. h4 Ba6 19. Rfe1 Nc4 20. b3 Bxa1 21. Rxa1
Na5 22. Bxh6 Nxc6 23. dxc6 Qf6 24. Rd1 Rfe8 25. Qd2 1/2-1/2

[Event "17. Europa ch Juvenil - Masculino s16"]
[Site "Sibenik CRO"]
[Date "2007.09.23"]
[Round "9.14"]
[White "Chirila, Ioan Cristian"]
[Black "Varga, David"]
[Result "1-0"]
[WhiteElo "2345"]
[BlackElo "2257"]
[PlyCount "59"]
[EventDate "2007.09.14"]
[EventType "swiss"]
[EventRounds "9"]
[EventCountry "CRO"]
[Source "lmi"]
[SourceDate "2007.09.14"]

1. e4 e6 2. d4 d5 3. Nc3 Nf6 4. Bg5 Bb4 5. e5 Ne4 6. Bd2 Bxc3 7. bxc3 c5 8. Qg4
g6 9. Bd3 Nxd2 10. Kxd2 Nc6 11. h4 h6 12. Nf3 cxd4 13. cxd4 Qa5+ 14. c3 b5 15.
a3 Bd7 16. Qf4 Rc8 17. Rhc1 Qa4 18. Rcb1 Na5 19. Rb4 Nb3+ 20. Ke2 Nxa1 21. Rxa4
bxa4 22. Nh2 Rb8 23. Ng4 Bb5 24. Nf6+ Kd8 25. Nxd5 Bxd3+ 26. Kxd3 exd5 27. e6
Kc8 28. Qxf7 Rb1 29. Qd7+ Kb8 30. e7 1-0

[Event "17. Europa ch Juvenil - Masculino s16"]
[Site "Sibenik CRO"]
[Date "2007.09.23"]
[Round "9.15"]
[White "Gevorkian, David"]
[Black "Roganovic, Milos"]
[Result "1-0"]
[WhiteElo "2096"]
[BlackElo "2329"]
[PlyCount "89"]
[EventDate "2007.09.14"]
[EventType "swiss"]
[EventRounds "9"]
[EventCountry "CRO"]
[Source "lmi"]
[SourceDate "2007.09.14"]

1. g3 Nf6 2. Bg2 d5 3. d3 c5 4. Nd2 Nc6 5. Ngf3 e6 6. O-O Be7 7. e4 O-O 8. Re1
b5 9. e5 Ne8 10. Nf1 a5 11. h4 a4 12. a3 b4 13. Bf4 Nc7 14. Ne3 bxa3 15. bxa3
f5 16. exf6 Bxf6 17. Bg5 e5 18. c4 e4 19. dxe4 Bxg5 20. hxg5 d4 21. Nf5 Ne6 22.
Qd2 Na5 23. Rab1 Nxc4 24. Qa2 Na5 25. Qd5 Ra7 26. Rb8 Qc7 27. Rxc8 Qxc8 28. Nd6
Qd8 29. Qxe6+ Kh8 30. g6 Rf6 31. Qh3 Rxg6 32. e5 Re7 33. Qf5 Kg8 34. Ng5 Rxg5
35. Bd5+ Kh8 36. Qxg5 Qf8 37. Qf5 Qxf5 38. Nxf5 Re8 39. e6 g6 40. Nd6 Re7 41.
Nc4 Nb3 42. Nb2 Nd2 43. Rd1 Ne4 44. Bxe4 Rxe6 45. Bd3 1-0

[Event "17. Europa ch Juvenil - Masculino s16"]
[Site "Sibenik CRO"]
[Date "2007.09.23"]
[Round "9.16"]
[White "Krejci, Jan"]
[Black "Mammadov, Ayaz"]
[Result "1/2-1/2"]
[WhiteElo "2315"]
[BlackElo "2237"]
[PlyCount "91"]
[EventDate "2007.09.14"]
[EventType "swiss"]
[EventRounds "9"]
[EventCountry "CRO"]
[Source "lmi"]
[SourceDate "2007.09.14"]

1. e4 e6 2. d4 d5 3. Nc3 Bb4 4. e5 c5 5. a3 Ba5 6. b4 cxd4 7. Qxd4 Bc7 8. Nf3
Nc6 9. Bb5 Nge7 10. Bg5 h6 11. Bh4 g5 12. Bg3 a6 13. Bxc6+ Nxc6 14. Qd1 Qe7 15.
O-O Bd7 16. b5 Na5 17. Nd4 Nc4 18. Re1 Ba5 19. Qd3 Nb2 20. Qf3 g4 21. Qe3 Nc4
22. Qd3 Nb2 23. Qe3 Qc5 24. Nce2 Bxe1 25. Rxe1 Bxb5 26. Nxb5 Qxb5 27. Bh4 Nc4
28. Qf4 Qc5 29. Ng3 Qf8 30. Rd1 b5 31. Qxg4 Rg8 32. Qh3 Qxa3 33. Bf6 Rg6 34.
Qh5 Kd7 35. Ne2 Qc5 36. Nf4 Rag8 37. Nxg6 Rxg6 38. Qf3 a5 39. h4 a4 40. h5 Rg8
41. Qf4 Qf8 42. Qd4 Qb8 43. Qf4 Qf8 44. Qd4 Qb8 45. Qf4 Qf8 46. Qd4 1/2-1/2

[Event "17. Europa ch Juvenil - Masculino s16"]
[Site "Sibenik CRO"]
[Date "2007.09.23"]
[Round "9.18"]
[White "Lehmann, Marco"]
[Black "Soors, Stef"]
[Result "1/2-1/2"]
[WhiteElo "2279"]
[BlackElo "2126"]
[PlyCount "80"]
[EventDate "2007.09.14"]
[EventType "swiss"]
[EventRounds "9"]
[EventCountry "CRO"]
[Source "lmi"]
[SourceDate "2007.09.14"]

1. e4 e6 2. d4 d5 3. Nc3 Bb4 4. e5 c5 5. a3 Bxc3+ 6. bxc3 Qa5 7. Bd2 Qa4 8. Qb1
c4 9. h4 Nc6 10. h5 h6 11. g3 Bd7 12. Bh3 O-O-O 13. Nf3 Kb8 14. O-O Nge7 15.
Nh4 Nf5 16. Ng2 g6 17. Nf4 Rdg8 18. Kh2 Nce7 19. Bg4 Ng7 20. Ra2 Rf8 21. Qe1
Bc8 22. Qe2 Bd7 23. Rb1 a5 24. Rab2 Bc6 25. Qe1 Kc7 26. Ra2 Bd7 27. Qc1 Rb8 28.
Qb2 b6 29. Qc1 Kb7 30. Qd1 Ka6 31. Qf3 Rbf8 32. Rab2 Nc8 33. Bc1 Qc6 34. Qe2
Be8 35. a4 gxh5 36. Nxh5 Nxh5 37. Bxh5 Qxa4 38. Qg4 Qd7 39. Qh4 f5 40. Bf3 Rfg8
1/2-1/2

[Event "17. Europa ch Juvenil - Masculino s16"]
[Site "Sibenik CRO"]
[Date "2007.09.23"]
[Round "9.19"]
[White "Jorczik, Julian"]
[Black "Veszpremi, Andras"]
[Result "1/2-1/2"]
[WhiteElo "2333"]
[BlackElo "2150"]
[PlyCount "82"]
[EventDate "2007.09.14"]
[EventType "swiss"]
[EventRounds "9"]
[EventCountry "CRO"]
[Source "lmi"]
[SourceDate "2007.09.14"]

1. d4 Nf6 2. c4 g6 3. Nc3 Bg7 4. e4 d6 5. Be2 O-O 6. Bg5 Na6 7. f4 c5 8. d5 Nc7
9. Nf3 a6 10. a4 b6 11. O-O Rb8 12. Qe1 h6 13. Qh4 hxg5 14. Nxg5 Re8 15. e5 Bf5
16. g4 Bd7 17. Bd3 b5 18. axb5 axb5 19. exf6 exf6 20. Bxg6 fxg6 21. Qh7+ Kf8
22. Qxg6 Re7 23. Nh7+ Kg8 24. Nxf6+ Kf8 25. Nh7+ Kg8 26. f5 Be8 27. Nf6+ Kf8
28. Nxe8 Qxe8 29. Qxd6 Bd4+ 30. Kh1 Rd8 31. Qh6+ Bg7 32. Qf4 Bxc3 33. bxc3 Re2
34. Ra7 Rd7 35. d6 Nd5 36. Qh6+ Kg8 37. Qg5+ Kh8 38. Qh4+ Kg8 39. Qg5+ Kh8 40.
Qh4+ Kg8 41. Qg5+ Kh8 1/2-1/2

[Event "17. Europa ch Juvenil - Masculino s16"]
[Site "Sibenik CRO"]
[Date "2007.09.23"]
[Round "9.20"]
[White "Golichenko, Ilija"]
[Black "Nuri, Kambez"]
[Result "1-0"]
[WhiteElo "2306"]
[BlackElo "2142"]
[PlyCount "65"]
[EventDate "2007.09.14"]
[EventType "swiss"]
[EventRounds "9"]
[EventCountry "CRO"]
[Source "lmi"]
[SourceDate "2007.09.14"]

1. d4 Nf6 2. c4 g6 3. Nc3 Bg7 4. e4 d6 5. Be2 O-O 6. Bg5 Na6 7. Qd2 e5 8. d5
Qe8 9. Bd1 Nc5 10. f3 a5 11. Nge2 h5 12. Bc2 Bd7 13. O-O Nh7 14. Be3 Qe7 15. b3
Bf6 16. Nb5 Bxb5 17. cxb5 Bg5 18. a3 Bxe3+ 19. Qxe3 Nd7 20. Rfc1 h4 21. Bd1
Rfc8 22. Rc3 b6 23. Rac1 Ra7 24. R1c2 f5 25. exf5 gxf5 26. Rc4 Qf6 27. Qf2 h3
28. Qg3+ Kf7 29. Qxh3 Ng5 30. Qh5+ Ke7 31. h4 Nf7 32. Ng3 Nh6 33. Qxh6 1-0

[Event "17. Europa ch Juvenil - Masculino s16"]
[Site "Sibenik CRO"]
[Date "2007.09.23"]
[Round "9.21"]
[White "Filippas, Sebastian"]
[Black "Arslanov, Shamil"]
[Result "1-0"]
[WhiteElo "2145"]
[BlackElo "2266"]
[PlyCount "49"]
[EventDate "2007.09.14"]
[EventType "swiss"]
[EventRounds "9"]
[EventCountry "CRO"]
[Source "lmi"]
[SourceDate "2007.09.14"]

1. d4 Nf6 2. c4 g6 3. Nc3 Bg7 4. e4 d6 5. Bg5 O-O 6. Qd2 c5 7. d5 a6 8. a4 Qa5
9. Bd3 Bd7 10. Ra3 e6 11. Nge2 Re8 12. O-O Ng4 13. h3 Ne5 14. f4 Nxd3 15. Qxd3
exd5 16. Nxd5 Kh8 17. f5 Nc6 18. Nf6 Red8 19. Qg3 h5 20. Qh4 Bxf6 21. Bxf6+ Kh7
22. fxg6+ fxg6 23. Bc3 Qc7 24. Rf7+ Kg8 25. Rg7+ 1-0

[Event "17. Europa ch Juvenil - Masculino s16"]
[Site "Sibenik CRO"]
[Date "2007.09.23"]
[Round "9.22"]
[White "Yaksin, Oleg"]
[Black "Baturina, Andrija"]
[Result "1-0"]
[WhiteElo "2231"]
[BlackElo "1980"]
[PlyCount "75"]
[EventDate "2007.09.14"]
[EventType "swiss"]
[EventRounds "9"]
[EventCountry "CRO"]
[Source "lmi"]
[SourceDate "2007.09.14"]

1. e4 c5 2. Nf3 d6 3. d4 cxd4 4. Nxd4 Nf6 5. Nc3 e6 6. g4 h6 7. g5 hxg5 8. Bxg5
a6 9. Qd2 Qc7 10. O-O-O Nbd7 11. f4 b5 12. e5 b4 13. Na4 Ne4 14. Qe2 d5 15. Bg2
Nxg5 16. fxg5 Qxe5 17. Qd2 Be7 18. h4 Bb7 19. Rhe1 Qd6 20. g6 Ne5 21. gxf7+
Kxf7 22. Nc5 Qxc5 23. Rxe5 Rxh4 24. Nxe6 Qd6 25. Ng5+ Kg8 26. Rxe7 Qxe7 27.
Bxd5+ Kh8 28. Re1 Qc7 29. Nf7+ Kh7 30. Ng5+ Kh8 31. Nf7+ Kh7 32. Qd3+ g6 33.
Ne5 Rh6 34. Nxg6 Rxg6 35. Rh1+ Kg7 36. Qd4+ Kf8 37. Rh8+ Ke7 38. Rh7+ 1-0

[Event "17. Europa ch Juvenil - Masculino s16"]
[Site "Sibenik CRO"]
[Date "2007.09.23"]
[Round "9.24"]
[White "Pecha, Tomas"]
[Black "Kanmazalp, Ogulcan"]
[Result "1-0"]
[WhiteElo "2204"]
[BlackElo "2093"]
[PlyCount "71"]
[EventDate "2007.09.14"]
[EventType "swiss"]
[EventRounds "9"]
[EventCountry "CRO"]
[Source "lmi"]
[SourceDate "2007.09.14"]

1. e4 c5 2. Nf3 e6 3. d4 cxd4 4. Nxd4 Nf6 5. Nc3 Nc6 6. Ndb5 d6 7. Bf4 e5 8.
Bg5 a6 9. Na3 b5 10. Nd5 Be7 11. Bxf6 Bxf6 12. c3 Bg5 13. Nc2 Ne7 14. a4 bxa4
15. Rxa4 Nxd5 16. Qxd5 Be6 17. Bb5+ Kf8 18. Qb7 Qb8 19. Qc6 Bb3 20. Rb4 Bxc2
21. Ba4 Qc8 22. Qxc8+ Rxc8 23. Bxc2 Bd8 24. Rb7 Bc7 25. Kd2 a5 26. Ra1 Bd8 27.
Bb3 Rc7 28. Rb8 Ke7 29. Rxa5 Kd7 30. Ba4+ Ke6 31. Kc2 Ke7 32. Raa8 g6 33. b4 f5
34. b5 Rc4 35. exf5 gxf5 36. b6 1-0

[Event "17. Europa ch Juvenil - Masculino s16"]
[Site "Sibenik CRO"]
[Date "2007.09.23"]
[Round "9.25"]
[White "Ketzetzis, Georgios"]
[Black "Blum, Nicolas"]
[Result "1/2-1/2"]
[WhiteElo "2045"]
[BlackElo "2166"]
[PlyCount "37"]
[EventDate "2007.09.14"]
[EventType "swiss"]
[EventRounds "9"]
[EventCountry "CRO"]
[Source "lmi"]
[SourceDate "2007.09.14"]

1. e4 c5 2. Nf3 e6 3. c4 Nc6 4. Nc3 e5 5. Be2 d6 6. O-O f5 7. d3 Nf6 8. exf5
Bxf5 9. Nh4 Be6 10. f4 Be7 11. g4 O-O 12. f5 Bd7 13. g5 Ne8 14. Qd2 Nd4 15. f6
gxf6 16. g6 hxg6 17. Nxg6 Rf7 18. Nd5 Bf8 19. Bh5 1/2-1/2

[Event "17. Europa ch Juvenil - Masculino s16"]
[Site "Sibenik CRO"]
[Date "2007.09.23"]
[Round "9.26"]
[White "Ivekovic, Zvonimir"]
[Black "Yilmazyerli, Mert"]
[Result "1/2-1/2"]
[WhiteElo "2161"]
[BlackElo "2071"]
[PlyCount "107"]
[EventDate "2007.09.14"]
[EventType "swiss"]
[EventRounds "9"]
[EventCountry "CRO"]
[Source "lmi"]
[SourceDate "2007.09.14"]

1. e4 c5 2. Nf3 Nc6 3. c3 d5 4. exd5 Qxd5 5. d4 Nf6 6. Be2 cxd4 7. cxd4 e6 8.
O-O Be7 9. Nc3 Qd8 10. Be3 O-O 11. Rc1 b6 12. Qb3 Bb7 13. Rfd1 Rc8 14. Ne5 Nb4
15. Bf3 Bxf3 16. Nxf3 Nbd5 17. Ne5 Nxc3 18. bxc3 Nd7 19. Qa4 Rc7 20. Nc6 Qe8
21. Bf4 Rc8 22. c4 Nb8 23. Nxe7+ Qxe7 24. c5 bxc5 25. Bxb8 Rxb8 26. dxc5 Rfd8
27. c6 Qc7 28. Rxd8+ Rxd8 29. Rd1 Rc8 30. g3 g6 31. Rc1 Qb6 32. Qc4 Rc7 33. a4
a6 34. Qc3 h5 35. Rc2 Kh7 36. Kg2 Qb1 37. h4 Qb6 38. Kh2 e5 39. Qc4 Kg7 40. Qd5
Qd4 41. Qa2 Qe4 42. Rc4 Qf3 43. Qc2 e4 44. Qb2+ Qf6 45. Qc2 Qf3 46. Rc3 Qf5 47.
Kg1 Qd5 48. Rc4 Qe6 49. Qc3+ Qf6 50. Kf1 Qxc3 51. Rxc3 Kf6 52. Ke2 Ke5 53. Ke3
Kd5 54. Rc1 1/2-1/2

[Event "17. Europa ch Juvenil - Masculino s16"]
[Site "Sibenik CRO"]
[Date "2007.09.23"]
[Round "9.27"]
[White "Kilpatrick, Callum"]
[Black "Durarbeyli, Vasif"]
[Result "1/2-1/2"]
[WhiteElo "2120"]
[BlackElo "2417"]
[PlyCount "102"]
[EventDate "2007.09.14"]
[EventType "swiss"]
[EventRounds "9"]
[EventCountry "CRO"]
[Source "lmi"]
[SourceDate "2007.09.14"]

1. e4 c5 2. Nf3 g6 3. c4 Nc6 4. d4 cxd4 5. Nxd4 Nf6 6. Nc3 Nxd4 7. Qxd4 d6 8.
Bg5 Bg7 9. Be2 O-O 10. Qd2 Be6 11. Rc1 Qa5 12. f3 Rfc8 13. b3 a6 14. Nd5 Qxd2+
15. Kxd2 Bxd5 16. cxd5 Kf8 17. Rxc8+ Rxc8 18. Rc1 Rxc1 19. Kxc1 Nd7 20. b4 Ke8
21. Kc2 Bd4 22. g4 Kd8 23. Kd3 Bg1 24. h3 Nb6 25. Bd1 f6 26. Bd2 Kc7 27. f4 Nd7
28. a4 h6 29. h4 Bf2 30. h5 g5 31. fxg5 fxg5 32. Bc3 Bg3 33. a5 Be5 34. Be1 Ba1
35. Bg3 Nf6 36. Bf2 Kd7 37. Bf3 Ke8 38. Kc4 Nd7 39. Bd4 Bxd4 40. Kxd4 Kd8 41.
Be2 Ne5 42. Kc3 Nd7 43. Kd4 Kc7 44. Kc3 Kb8 45. Kb3 Ka7 46. Ka4 b6 47. Bd1 Kb7
48. Be2 Ne5 49. b5 axb5+ 50. Kxb5 bxa5 51. Kxa5 Kc7 1/2-1/2

[Event "17. Europa ch Juvenil - Masculino s16"]
[Site "Sibenik CRO"]
[Date "2007.09.23"]
[Round "9.28"]
[White "Bjelicic, Jan"]
[Black "Baron, Tal"]
[Result "0-1"]
[WhiteElo "2101"]
[BlackElo "2232"]
[PlyCount "84"]
[EventDate "2007.09.14"]
[EventType "swiss"]
[EventRounds "9"]
[EventCountry "CRO"]
[Source "lmi"]
[SourceDate "2007.09.14"]

1. e4 c5 2. Nc3 Nc6 3. g3 g6 4. Bg2 Bg7 5. d3 d6 6. Be3 e5 7. f4 Nge7 8. Nf3
exf4 9. Bxf4 Be6 10. O-O O-O 11. Qd2 d5 12. Rab1 d4 13. Na4 b6 14. b3 Qd7 15.
Ng5 Bg4 16. Nb2 f6 17. Nf3 Bxf3 18. Bxf3 g5 19. Bxg5 fxg5 20. Qxg5 Ne5 21. Bg2
h6 22. Qd2 Rxf1+ 23. Rxf1 Rf8 24. Rxf8+ Kxf8 25. Qf4+ Kg8 26. Nc4 N7g6 27. Nxe5
Nxe5 28. h3 Qf7 29. Qf5 Qxf5 30. exf5 Kf7 31. Kf2 Kf6 32. g4 h5 33. Kg3 hxg4
34. hxg4 Kg5 35. Bf3 Bf8 36. Bd1 Bd6 37. Kh3 b5 38. a3 a5 39. a4 bxa4 40. bxa4
Nd7 41. Bf3 Kf4 42. Bd1 Be7 0-1

[Event "17. Europa ch Juvenil - Masculino s16"]
[Site "Sibenik CRO"]
[Date "2007.09.23"]
[Round "9.29"]
[White "Orndahl, Markus"]
[Black "Zivkovic, Dejan"]
[Result "1/2-1/2"]
[WhiteElo "2078"]
[BlackElo "2191"]
[PlyCount "96"]
[EventDate "2007.09.14"]
[EventType "swiss"]
[EventRounds "9"]
[EventCountry "CRO"]
[Source "lmi"]
[SourceDate "2007.09.14"]

1. e4 c6 2. d4 d5 3. Nc3 dxe4 4. Nxe4 Bf5 5. Ng3 Bg6 6. h4 h6 7. Nf3 Nd7 8. h5
Bh7 9. Bd3 Bxd3 10. Qxd3 Ngf6 11. Bf4 Qa5+ 12. Bd2 Qc7 13. O-O-O e6 14. Ne4
O-O-O 15. g3 Nxe4 16. Qxe4 Nf6 17. Qe2 Bd6 18. c4 c5 19. Bc3 cxd4 20. Nxd4 a6
21. Kb1 Bc5 22. Nb3 Rxd1+ 23. Rxd1 Rd8 24. Rxd8+ Kxd8 25. Qd2+ Ke8 26. Bxf6
gxf6 27. g4 Bf8 28. Qd4 Qc6 29. Nd2 f5 30. f3 fxg4 31. fxg4 Qd7 32. Qxd7+ Kxd7
33. Kc2 b5 34. cxb5 axb5 35. Kd3 Kd6 36. Ke4 Bg7 37. b3 Bc3 38. Nf3 b4 39. Ng1
f6 40. Ne2 Be5 41. Nc1 Bb2 42. Nd3 Bc3 43. Nf4 Be5 44. Ng2 Bb2 45. Ne3 Kc5 46.
Nc2 Bc3 47. Ne3 Bb2 48. Nc2 Bc3 1/2-1/2

[Event "17. Europa ch Juvenil - Masculino s16"]
[Site "Sibenik CRO"]
[Date "2007.09.23"]
[Round "9.30"]
[White "Pomaro, Alberto"]
[Black "Ben, Tomer"]
[Result "1/2-1/2"]
[WhiteElo "2149"]
[BlackElo "1966"]
[PlyCount "44"]
[EventDate "2007.09.14"]
[EventType "swiss"]
[EventRounds "9"]
[EventCountry "CRO"]
[Source "lmi"]
[SourceDate "2007.09.14"]

1. d4 Nf6 2. c4 g6 3. Nc3 d5 4. Nf3 Bg7 5. Qb3 dxc4 6. Qxc4 O-O 7. e4 a6 8. Be2
b5 9. Qd3 Bb7 10. a3 Qc8 11. b4 Rd8 12. O-O e5 13. d5 c6 14. Bg5 cxd5 15. Bxf6
Bxf6 16. Rac1 dxe4 17. Nxe4 Qf5 18. Nxf6+ Qxf6 19. Qe3 Nc6 20. Rc5 Rd6 21. Bd3
Ne7 22. Be4 Bd5 1/2-1/2

[Event "17. Europa ch Juvenil - Masculino s16"]
[Site "Sibenik CRO"]
[Date "2007.09.23"]
[Round "9.32"]
[White "Thorgeirsson, Sverrir"]
[Black "Jefic, Srdjan"]
[Result "1-0"]
[WhiteElo "2064"]
[BlackElo "2103"]
[PlyCount "43"]
[EventDate "2007.09.14"]
[EventType "swiss"]
[EventRounds "9"]
[EventCountry "CRO"]
[Source "lmi"]
[SourceDate "2007.09.14"]

1. e4 c5 2. c3 d5 3. exd5 Qxd5 4. d4 Nc6 5. Nf3 Bg4 6. dxc5 Qxc5 7. Be3 Qa5 8.
Na3 Nf6 9. Qb3 Qc7 10. Nb5 Qc8 11. Bf4 e5 12. Nxe5 Nxe5 13. Bxe5 Qf5 14. Bg3
Qe4+ 15. Kd2 O-O-O+ 16. Nd4 Bd6 17. Qc4+ Kb8 18. f3 Bf4+ 19. Bxf4+ Qxf4+ 20.
Kc2 Bf5+ 21. Bd3 Rc8 22. Nc6+ 1-0

[Event "17. Europa ch Juvenil - Masculino s16"]
[Site "Sibenik CRO"]
[Date "2007.09.23"]
[Round "9.33"]
[White "Ivanov L, Stojan"]
[Black "Moltsanov, Ivan"]
[Result "1/2-1/2"]
[WhiteElo "2149"]
[BlackElo "2003"]
[PlyCount "100"]
[EventDate "2007.09.14"]
[EventType "swiss"]
[EventRounds "9"]
[EventCountry "CRO"]
[Source "lmi"]
[SourceDate "2007.09.14"]

1. e4 e6 2. d4 d5 3. e5 c5 4. c3 Nc6 5. Nf3 Qb6 6. a3 Nh6 7. b4 cxd4 8. cxd4
Nf5 9. Bb2 a5 10. b5 a4 11. g4 Nh6 12. h3 Be7 13. Nc3 O-O 14. Nxa4 Qa5+ 15. Nc3
Na7 16. Bd3 Bd7 17. Qb3 Rfc8 18. O-O Kh8 19. a4 Qd8 20. Ba3 Bxa3 21. Qxa3 Qe8
22. Rfc1 Ng8 23. Qb4 f5 24. gxf5 Qh5 25. Kg2 Rf8 26. Ne2 exf5 27. Qd6 Rad8 28.
Nf4 Qe8 29. Qb6 Nc8 30. Qxb7 Nce7 31. Rc7 Ng6 32. Nxg6+ Qxg6+ 33. Kf1 Qh5 34.
Ke2 Rf7 35. Qxd5 Re7 36. Kd2 Qxh3 37. Ng5 Qh4 38. Nf7+ Rxf7 39. Qxf7 Qxd4 40.
Rac1 Qf4+ 41. Kc2 Qxa4+ 42. Qb3 Qd4 43. Rd1 Qxe5 44. Qc3 Qf4 45. Rd2 Nf6 46.
Qc4 Qd6 47. Qc5 Qf4 48. Qc4 Qd6 49. Qc5 Qf4 50. Qc4 Qd6 1/2-1/2

[Event "17. Europa ch Juvenil - Masculino s16"]
[Site "Sibenik CRO"]
[Date "2007.09.23"]
[Round "9.34"]
[White "Plaskan, Jure"]
[Black "Stocko, Josip"]
[Result "1-0"]
[WhiteElo "2061"]
[BlackElo "1874"]
[PlyCount "59"]
[EventDate "2007.09.14"]
[EventType "swiss"]
[EventRounds "9"]
[EventCountry "CRO"]
[Source "lmi"]
[SourceDate "2007.09.14"]

1. e4 c5 2. Nf3 e6 3. d4 cxd4 4. Nxd4 Nf6 5. Nc3 Nc6 6. Ndb5 d6 7. Bf4 e5 8.
Bg5 a6 9. Na3 Be7 10. Bxf6 Bxf6 11. Nd5 O-O 12. Nc4 b5 13. Ncb6 Rb8 14. Nxc8
Rxc8 15. c3 Bg5 16. h4 Bh6 17. Qf3 Ne7 18. Rd1 f5 19. Qd3 Nc6 20. Be2 Qa5 21.
g4 g6 22. h5 fxe4 23. Qxe4 g5 24. Bd3 Rf7 25. Bb1 Qd8 26. a3 Qf8 27. Ne3 Kh8
28. Nf5 Rf6 29. Nxd6 Rd8 30. Qxh7# 1-0

[Event "17. Europa ch Juvenil - Masculino s16"]
[Site "Sibenik CRO"]
[Date "2007.09.23"]
[Round "9.35"]
[White "Krivec, Sandi"]
[Black "Hohluks, Aleksandrs"]
[Result "0-1"]
[WhiteElo "2003"]
[BlackElo "2056"]
[PlyCount "70"]
[EventDate "2007.09.14"]
[EventType "swiss"]
[EventRounds "9"]
[EventCountry "CRO"]
[Source "lmi"]
[SourceDate "2007.09.14"]

1. d4 c5 2. d5 g6 3. c4 d6 4. Nc3 Bg7 5. e4 e6 6. Nf3 Ne7 7. Bd3 O-O 8. h3 exd5
9. cxd5 f5 10. O-O Nd7 11. Ng5 Nf6 12. e5 dxe5 13. d6 Nc6 14. Bc4+ Kh8 15. Nf7+
Rxf7 16. Bxf7 Nd4 17. Bg5 Qxd6 18. Bxf6 Bxf6 19. Ne2 e4 20. Nxd4 Bxd4 21. Qb3
Bd7 22. Rad1 Bc6 23. Qe6 Qxe6 24. Bxe6 Bb5 25. Rfe1 Bd3 26. Rd2 b5 27. a4 a6
28. Kh1 c4 29. Red1 Be5 30. Rg1 b4 31. h4 c3 32. bxc3 bxc3 33. Ra2 Rb8 34. g3
c2 35. Bc4 Rb1 0-1

[Event "17. Europa ch Juvenil - Masculino s16"]
[Site "Sibenik CRO"]
[Date "2007.09.23"]
[Round "9.37"]
[White "Muheim, Sebastian"]
[Black "Silva, Miguel Alexandre Go"]
[Result "1/2-1/2"]
[WhiteElo "2005"]
[BlackElo "1999"]
[PlyCount "85"]
[EventDate "2007.09.14"]
[EventType "swiss"]
[EventRounds "9"]
[EventCountry "CRO"]
[Source "lmi"]
[SourceDate "2007.09.14"]

1. e4 c5 2. Nf3 g6 3. c3 d5 4. exd5 Qxd5 5. d4 Bg7 6. Be2 cxd4 7. cxd4 Nf6 8.
O-O O-O 9. Nc3 Qa5 10. Bd2 Nc6 11. Rc1 Bg4 12. Be3 Rfd8 13. h3 Bxf3 14. Bxf3 e5
15. d5 e4 16. Bxe4 Nxe4 17. Nxe4 Qxd5 18. Qxd5 Rxd5 19. Nc3 Rd7 20. Rfd1 Rad8
21. Rxd7 Rxd7 22. Kf1 a6 23. a3 Ne7 24. g4 f5 25. g5 Kf7 26. Kg2 Be5 27. f4 Bb8
28. Kf3 Nc6 29. Kf2 Nd8 30. Ne2 Ne6 31. Rc3 Nc7 32. Kf3 Nd5 33. Rd3 Nf6 34. Rc3
Ne4 35. Rc8 Bd6 36. Nd4 Bc5 37. Nxf5 gxf5 38. Bxc5 Rd3+ 39. Kg2 Rd2+ 40. Kg1
Rd1+ 41. Kg2 Rd2+ 42. Kg1 Rd1+ 43. Kg2 1/2-1/2

[Event "17. Europa ch Juvenil - Masculino s16"]
[Site "Sibenik CRO"]
[Date "2007.09.23"]
[Round "9.38"]
[White "Bekarovski, Filip"]
[Black "Lugovskoy, Dmitriy"]
[Result "1-0"]
[WhiteElo "1950"]
[BlackElo "1964"]
[PlyCount "97"]
[EventDate "2007.09.14"]
[EventType "swiss"]
[EventRounds "9"]
[EventCountry "CRO"]
[Source "lmi"]
[SourceDate "2007.09.14"]

1. d4 d5 2. c4 c6 3. Nc3 Nf6 4. e3 g6 5. Nf3 Bg7 6. Bd3 O-O 7. Ne5 Bf5 8. Bxf5
gxf5 9. Qc2 e6 10. b3 Nbd7 11. f4 Nxe5 12. fxe5 Ng4 13. O-O f6 14. h3 Nh6 15.
Ba3 Rf7 16. exf6 Bxf6 17. Rad1 Rg7 18. Ne2 Kh8 19. Nf4 Qd7 20. Kh1 Rag8 21. Rd2
Nf7 22. e4 dxe4 23. d5 e3 24. Nh5 Be5 25. Nxg7 Rxg7 26. Rd3 cxd5 27. cxd5 exd5
28. Rxe3 f4 29. Ree1 Rg3 30. Rc1 Rc3 31. Qd2 Ng5 32. Rxc3 Ne4 33. Qd3 Nxc3 34.
Bb2 Qc6 35. Bxc3 Bxc3 36. Rxf4 Bg7 37. Rf5 d4 38. Qc4 Qe8 39. Qf7 Qe1+ 40. Rf1
Qe3 41. Qxb7 h6 42. Qxa7 Qe2 43. Qa8+ Kh7 44. Qf3 Qc2 45. Qf5+ Qxf5 46. Rxf5
Kg6 47. Rf3 Bf6 48. a4 Bd8 49. b4 1-0